00469nam a22001217a 4500003000400000082001900004100002000023245017100043260004400214300000700258650004100265653004100306SGT a617.6342bE23S aSingh, Lakshita aEvaluation of pain and periapical healing of teeth with Apical Periodontics using CBCT in single vs multiple visit Endodontic treatment bA Randomized Clinical trial  aGurugram, HaryanabSGT Universityc2023 a90 aConservative Dentistry & Endodontics aConservative Dentistry & Endodontics